000 00660nam a2200229 a 4500
001 7342
003 BD-RjUL
005 20211208234412.0
008 140113s1952 enk 001 0 eng d
035 _aBD-RjUL)7385
_a(OCoLC)816697
040 _aBD-RjUL
_beng
_cBD-RjUL
041 _aeng
082 0 0 _a501.8
_218
_bWIF 1952
100 1 _aWisdom, J. O.
_q(John Oulton)
_922940
245 1 0 _aFoundations of inference in natural science /
_cby John Oulton Wisdom.
260 _aLondon :
_bMethuen,
_c1952.
300 _ax, 242 p. ;
_c22 cm.
504 _aIncludes index.
650 0 _aInference.
_921188
650 0 _aScience
_xPhilosophy.
_922941
942 _2ddc
_cBK
999 _c7342
_d7342